Normal view
MARC view
Entry Personal Name
001 - CONTROL NUMBER
- control field: 118224
003 - CONTROL NUMBER IDENTIFIER
- control field: OSt
005 - DATE AND TIME OF LATEST TRANSACTION
- control field: 20230601151545.0
008 - FIXED-LENGTH DATA ELEMENTS
- fixed length control field: 230601|| aca||aabn | a|a d
040 ## - CATALOGING SOURCE
- Original cataloging agency: OSt
- Transcribing agency: OSt
100 ## - HEADING--PERSONAL NAME
- Personal name: MATHAYAS (Monika Desa): ಮಥಾಯಸ್ (ಮೊನಿಕಾ ಡೆಸಾ)
670 ## - SOURCE DATA FOUND
- Source citation: Work cat.: (OSt): MATHAYAS (Monika Desa); ಮಥಾಯಸ್ ಮೊನಿಕಾ ಡೆಸಾ 118221, Pananch Fulam jatana:, 2023